=LDR 00000nam 2200000 4500 =001 INLIS000000000015206 =005 20130612110504 =008 ***********************************Ind** =035 ##$$0010-061300000015206 =041 ##$$a Ind =082 ##$$a 621.381.985 =090 ##$$a 621.381.985 =100 ##$$a Malvino, Albert Paul =245 ##$$a Elektronik Komputer Digital Pengantar Mikrokomputer, Albert Paul Malvina =260 ##$$a 1994 $b Jakarta =300 ##$$a 386 hlm, Ilus, 21 cm =650 ##$$a Komputer =850 ##$$a NBPNMAT